| Tag |
First Indicator |
Second Indicator |
Subfields |
| LEADER |
00000cim a2200000Ia 4500 |
| 001 |
in00002781174 |
| 005 |
20151202170854.0 |
| 007 |
sd fungnn|||ee |
| 008 |
120522s2007 txunnnn t n spa d |
| 035 |
|
|
|a (OCoLC)ocn794112195
|
| 035 |
|
|
|a (OCoLC)794112195
|
| 040 |
|
|
|a TXA
|c TXA
|d UtOrBLW
|
| 043 |
|
|
|a s-ag---
|
| 049 |
|
|
|a TXAM
|
| 090 |
|
|
|a PQ7081.A1
|b C54 2007 no. 606
|
| 100 |
1 |
|
|a Caligaris, Hugo,
|e interviewee.
|
| 245 |
1 |
0 |
|a E. P. con Hugo Calligaris :
|b [interview].
|
| 246 |
3 |
0 |
|a Esteban Peicovich con Hugo Caligaris : [interview]
|
| 246 |
3 |
0 |
|a Hugo Caligaris : [interview]
|
| 264 |
|
1 |
|a [Place of publication not identified] :
|b [publisher not identified] ;
|c [2007]
|
| 300 |
|
|
|a 1 sound disc (54 min., 54 sec.) :
|b digital ;
|c 4 3/4 in.
|
| 306 |
|
|
|a 005454
|
| 336 |
|
|
|a spoken word
|b spw
|2 rdacontent
|
| 337 |
|
|
|a audio
|b s
|2 rdamedia
|
| 338 |
|
|
|a audio disc
|b sd
|2 rdacarrier
|
| 490 |
1 |
|
|a Colección Los Palabristas ;
|v 606
|
| 511 |
0 |
|
|a Interviewer, Esteban Peicovich ; interviewee, Hugo Caligaris.
|
| 500 |
|
|
|a Recordable compact disc.
|
| 518 |
|
|
|a Originally broadcast from Buenos Aires, Argentina on August 31, 2000 as a segment of the radio program Los Palabristas.
|
| 520 |
|
|
|a Esteban Peicovich reads a text by journalist Francisco Umbral. Peicovich interviews journalist Hugo Caligaris. Caligaris grew up in Boedo, Buenos Aires, Argentina, where he currently resides. He worked as a parliamentary reporter for La Nacion 1983-1989 and was head of the Sunday paper for La Nacion. Caligaris has authored Las palabras: Dictionario de disparates politicos, a recompilation of articles he has written. Peicovich reads a segment of the prologue to La palabra. Caligaris talks about his heritage and his initial passion for writing. Peicovich reads a brief text by Jorge Blanco Villegas and the dedication of Caligari's work. Caligaris and Peicovich discuss a journalist's writing approach. Caligaris tells where he believes the future of newspapers is headed and its need to report good news.
|
| 534 |
|
|
|p Reproduction.
|a Caligaris, Hugo.
|t E. P. con Hugo Calligaris.
|c [2000]
|e 1 sound cassette : analog.
|
| 500 |
|
|
|a Converted with permission from sound cassette to compact disc by the Texas A&M University Libraries.
|
| 500 |
|
|
|a Sound recording.
|
| 600 |
1 |
0 |
|a Caligaris, Hugo
|v Interviews.
|
| 650 |
|
0 |
|a Journalists
|z Argentina
|v Interviews.
|
| 655 |
|
7 |
|a Radio interviews.
|2 lcgft
|
| 655 |
|
7 |
|a Literary readings (Radio programs)
|2 lcgft
|
| 700 |
1 |
|
|a Peicovich, Esteban,
|e host,
|e interviewer.
|
| 710 |
2 |
|
|a Texas A & M University.
|b Libraries.
|
| 730 |
0 |
|
|a Palabristas.
|
| 830 |
|
0 |
|a Colección Los Palabristas ;
|v 606.
|
| 948 |
|
|
|a cataloged
|b h
|c 2012/5/22
|d o
|e jgreene
|f 11:49:59 am
|
| 994 |
|
|
|a C0
|b TXA
|
| 999 |
|
|
|a MARS
|
| 999 |
f |
f |
|s 75448f4d-14c8-3118-86e4-4c1554a4d1cd
|i 2aa41f20-ed78-34a7-a77a-cb07a88dccc7
|t 0
|
| 952 |
f |
f |
|p noncirc
|a Texas A&M University
|b College Station
|c Cushing Memorial Library & Archives
|d Cushing: Area Studies/Hispanic (Does not check out)
|t 0
|e PQ7081.A1 C54 2007 no. 606
|h Library of Congress classification
|i audio -- audio disc
|m A14837891926
|
| 998 |
f |
f |
|a PQ7081.A1 C54 2007 no. 606
|t 0
|l Cushing: Area Studies/Hispanic (Does not check out)
|